000 00624cam a22002171 4500
001 ne 68004454
003 DLC
005 20260227111849.0
008 890327s1964 tu d 000 0 tur
010 _ane 68004454
035 _a(OCoLC)23571140
040 _aDLC
_cMiU
_dDLC
042 _apremarc
050 0 0 _aHF1002
_b.O38
100 1 _aÖztelli, Cahit
245 1 0 _aResmî yazışmalar sözlüğü.
260 _a[Ankara]
_bAnkara Üniversitesi Basımevi,
_c1964.
300 _a166 p.
_c17 cm.
650 0 _aCommerce
_xDictionaries
_xTurkish.
810 2 _aTürk Dil Kurumu.
_tTürk Dil Kurumu yayınlarından ;
_v228.
999 _c51017
_d51017